000 00387nam a2200133Ia 4500
008 220217s9999||||xx |||||||||||||| ||und||
020 _a81-203-2451-X
082 _a004.2 KEL
100 _aKelkar, S.A
245 0 _aStructured systems analysis and design: A concise study
260 _aPrentice hall of india
_bNew Delhi
_c2004
300 _b225
650 _aCOMPUTER ARCHITECTURE
999 _c171808
_d171808